[Event "CZE-chT 0607"]
[Site "Czech Republic"]
[Date "2007.03.25"]
[Round "11.1"]
[White "Mista, Aleksander"]
[Black "Navara, David"]
[Result "1-0"]
[WhiteElo "2493"]
[BlackElo "2719"]
[PlyCount "89"]
[EventDate "2006.12.01"]
[EventType "team"]
[EventRounds "11"]
[EventCountry "CZE"]
[SourceTitle "EXT 2008"]
[Source "ChessBase"]
[SourceDate "2007.11.25"]
[SourceVersion "1"]
[SourceVersionDate "2007.11.25"]
[SourceQuality "1"]
[WhiteTeam "Trinec"]
[BlackTeam "Praha Mahrla"]
[WhiteTeamCountry "CZE"]
[BlackTeamCountry "CZE"]

1. e4 c5 2. Nf3 e6 3. d4 cxd4 4. Nxd4 Nc6 5. Nc3 d6 6. Be2 Nf6 7. f4 Be7 8. Be3
a6 9. Qd2 O-O 10. O-O-O Nd7 11. Bf3 Rb8 12. g4 Nxd4 13. Qxd4 b5 14. e5 b4 15.
Na4 dxe5 16. Qa7 exf4 17. Bc5 Rb5 18. Bxe7 Qxe7 19. Bc6 Qh4 20. Bxb5 axb5 21.
Nb6 Nxb6 22. Qxb6 e5 23. Rde1 Bxg4 24. Rxe5 f3 25. Qd4 h5 26. h3 b3 27. axb3
Ra8 28. Kb1 f2 29. Qe4 Qxh3 30. Qxa8+ Kh7 31. Rxh3 f1=Q+ 32. Ka2 Qxh3 33. Rxb5
h4 34. Rb8 Qg3 35. Rh8+ Kg6 36. Qe4+ Kf6 37. Qd4+ Kg6 38. Rg8 f6 39. Qa7 h3 40.
Qxg7+ Kf5 41. Qg6+ Kf4 42. Qxf6+ Ke3 43. Re8+ Kd2 44. Qd4+ Kc1 45. Rd8 1-0

[Event "Bundesliga 1011"]
[Site "Germany"]
[Date "2011.02.05"]
[Round "8.1"]
[White "Mista, Aleksander"]
[Black "Smeets, Jan"]
[Result "1-0"]
[WhiteElo "2574"]
[BlackElo "2669"]
[PlyCount "75"]
[EventDate "2010.10.09"]
[EventType "team-tourn"]
[EventRounds "15"]
[EventCountry "GER"]
[SourceTitle "EXT 2012"]
[Source "ChessBase"]
[SourceDate "2011.11.24"]
[SourceVersion "1"]
[SourceVersionDate "2011.11.24"]
[SourceQuality "1"]
[WhiteTeam "Griesheim"]
[BlackTeam "Solingen"]
[WhiteTeamCountry "GER"]
[BlackTeamCountry "GER"]

1. e4 e5 2. Nf3 Nc6 3. Bb5 a6 4. Ba4 Nf6 5. O-O Be7 6. Re1 b5 7. Bb3 d6 8. c3
O-O 9. h3 Nb8 10. d4 Nbd7 11. Nbd2 Bb7 12. Bc2 c5 13. d5 c4 14. Nf1 Qc7 15. Ng3
Rfb8 16. Nh2 Bc8 17. a3 Nc5 18. f4 a5 19. Kh1 b4 20. axb4 axb4 21. Rxa8 Rxa8
22. cxb4 Na6 23. Bd2 Rb8 24. Bc3 Nxb4 25. Bb1 Bf8 26. Rf1 exf4 27. Rxf4 Nd7 28.
Qd2 Na6 29. Nh5 Ne5 30. Nf3 Nc5 31. Nxe5 dxe5 32. Rf3 Na4 33. Rg3 Kh8 34. Nxg7
Nxc3 35. Nh5 Rb6 36. Qxc3 Rb3 37. Nf6 Bg7 38. Rxg7 1-0

[Event "CZE-chT 1112"]
[Site "Czech Republic"]
[Date "2012.04.20"]
[Round "9.1"]
[White "Azarov, Sergei Nikolaevich"]
[Black "Mista, Aleksander"]
[Result "0-1"]
[WhiteElo "2648"]
[BlackElo "2561"]
[PlyCount "110"]
[EventDate "2011.10.08"]
[EventType "team-tourn"]
[EventRounds "11"]
[EventCountry "CZE"]
[SourceTitle "EXT 2013"]
[Source "ChessBase"]
[SourceDate "2012.11.22"]
[SourceVersion "1"]
[SourceVersionDate "2012.11.22"]
[SourceQuality "1"]
[WhiteTeam "Frydek Mistek"]
[BlackTeam "Ostrava Poruba"]
[WhiteTeamCountry "CZE"]
[BlackTeamCountry "CZE"]

1. e4 c5 2. Nf3 Nc6 3. d4 cxd4 4. Nxd4 Nf6 5. Nc3 e5 6. Ndb5 d6 7. Bg5 a6 8.
Na3 b5 9. Bxf6 gxf6 10. Nd5 Bg7 11. Bd3 Ne7 12. Nxe7 Qxe7 13. O-O O-O 14. c4 f5
15. Qf3 d5 16. cxd5 fxe4 17. Bxe4 Rb8 18. Rfd1 Rb6 19. Rac1 Bd7 20. Rc6 Bxc6
21. dxc6 f5 22. Bxf5 Qc5 23. Qh5 h6 24. Qg6 Rxc6 25. Qh7+ Kf7 26. Bg4 Rg6 27.
b4 Qc6 28. Bf3 Qf6 29. Be4 Ke7 30. f3 Rg5 31. Bd5 Qg6 32. Qxg6 Rxg6 33. Nc2 h5
34. Be4 Rd6 35. Rxd6 Kxd6 36. Ne3 Bf6 37. Kf2 Bg5 38. Nf5+ Ke6 39. Ng7+ Kf7 40.
Nxh5 Rd8 41. g4 Bh4+ 42. Ke3 Rd4 43. a3 a5 44. f4 axb4 45. axb4 Rxb4 46. fxe5
Bg5+ 47. Kd3 Ke6 48. h4 Kxe5 49. hxg5 Rxe4 50. g6 Rxg4 51. g7 b4 52. Kc2 Kd4
53. Kb3 Kc5 54. Nf4 Rg3+ 55. Kb2 Kc4 0-1

[Event "CZE-chT 1213"]
[Site "Czech Republic"]
[Date "2013.03.24"]
[Round "8.1"]
[White "Mista, Aleksander"]
[Black "Kryvoruchko, Yuriy"]
[Result "1-0"]
[WhiteElo "2562"]
[BlackElo "2679"]
[PlyCount "81"]
[EventDate "2012.11.03"]
[EventType "team-tourn"]
[EventRounds "11"]
[EventCountry "CZE"]
[SourceTitle "EXT 2014"]
[Source "ChessBase"]
[SourceDate "2013.11.20"]
[SourceVersion "1"]
[SourceVersionDate "2013.11.20"]
[SourceQuality "1"]
[WhiteTeam "Poruba"]
[BlackTeam "Pardubice"]
[WhiteTeamCountry "CZE"]
[BlackTeamCountry "CZE"]

1. c4 Nf6 2. g3 e6 3. Bg2 d5 4. Nf3 Be7 5. O-O O-O 6. b3 b6 7. Bb2 Bb7 8. e3 c5
9. Nc3 dxc4 10. bxc4 Nc6 11. Qe2 Qc7 12. Ne1 a6 13. Rb1 Rab8 14. f4 Na7 15. a4
Rfd8 16. g4 Qd7 17. g5 Ne8 18. Bxb7 Rxb7 19. Nf3 Nc6 20. Ne4 Nd6 21. Nf6+ Bxf6
22. gxf6 g6 23. Ne5 Nxe5 24. fxe5 Nf5 25. Bc3 Rbb8 26. Ra1 Qe8 27. Qg2 Rd3 28.
Qe2 Rdd8 29. Rfb1 h6 30. Rf1 Kh7 31. Rf3 g5 32. Rh3 Qg8 33. Qg4 Qg6 34. Kf2 Nh4
35. Rg1 b5 36. axb5 axb5 37. cxb5 Rxb5 38. e4 Rb3 39. Rxh4 Rxc3 40. dxc3 gxh4
41. Qe2 1-0

[Event "EU-ch 14th"]
[Site "Legnica"]
[Date "2013.05.14"]
[Round "9"]
[White "Socko, Bartosz"]
[Black "Mista, Aleksander"]
[Result "0-1"]
[WhiteElo "2647"]
[BlackElo "2574"]
[PlyCount "120"]
[EventDate "2013.05.05"]
[EventType "swiss"]
[EventRounds "11"]
[EventCountry "POL"]
[SourceTitle "CBM 155"]
[Source "ChessBase"]
[SourceDate "2013.07.16"]
[SourceVersion "1"]
[SourceVersionDate "2013.07.16"]
[SourceQuality "1"]

1. e4 e5 2. Nf3 Nc6 3. Bb5 a6 4. Bxc6 dxc6 5. O-O f6 6. d4 exd4 7. Nxd4 c5 8.
Ne2 Qxd1 9. Rxd1 Bd7 10. Nbc3 O-O-O 11. Be3 Re8 12. Rd2 Bc6 13. Rad1 b6 14. f3
Bd6 15. Bf4 Bxf4 16. Nxf4 Nh6 17. Nh5 Rhg8 18. g4 Nf7 19. Kf2 a5 20. Nd5 Ne5
21. b3 c4 22. Ng3 Rgf8 23. Nf5 Rf7 24. Kg3 cxb3 25. cxb3 Kb7 26. h4 Bd7 27. Rc2
Bxf5 28. gxf5 c5 29. Nf4 Rd7 30. Rxd7+ Nxd7 31. Ne6 g6 32. Kf4 Ne5 33. Rd2 Kc6
34. a4 Nf7 35. h5 g5+ 36. Ke3 h6 37. Rg2 Rg8 38. Rg1 Nd6 39. Kd3 Nf7 40. f4 g4
41. Rg3 Nd6 42. Ke3 b5 43. axb5+ Kxb5 44. Rg1 g3 45. Nc7+ Kc6 46. Nd5 Rb8 47.
Nxf6 Rxb3+ 48. Ke2 a4 49. Ng4 a3 50. Ra1 Nxe4 51. f6 Nxf6 52. Nxf6 Rb2+ 53. Ke3
g2 54. Ng4 a2 55. Ne5+ Kb5 56. Nf3 Kb4 57. f5 Ka3 58. f6 Rb6 59. f7 Rf6 60. Ne1
g1=Q+ 0-1

[Event "CZE-chT 1314"]
[Site "Czech Republic"]
[Date "2014.02.15"]
[Round "7.1"]
[White "Mista, Aleksander"]
[Black "Najer, Evgeniy"]
[Result "1-0"]
[WhiteElo "2582"]
[BlackElo "2641"]
[PlyCount "47"]
[EventDate "2013.11.02"]
[EventType "team-tourn"]
[EventRounds "11"]
[EventCountry "CZE"]
[SourceTitle "EXT 2015"]
[Source "ChessBase"]
[SourceDate "2014.11.20"]
[SourceVersion "1"]
[SourceVersionDate "2014.11.20"]
[SourceQuality "1"]
[WhiteTeam "Ostrava Poruba"]
[BlackTeam "Lysa nad Labem"]
[WhiteTeamCountry "CZE"]
[BlackTeamCountry "CZE"]

1. e4 c5 2. Nf3 d6 3. d4 cxd4 4. Nxd4 Nf6 5. Nc3 a6 6. Be3 e6 7. g4 h6 8. Bg2
g5 9. h4 Rg8 10. hxg5 hxg5 11. Qe2 Nbd7 12. O-O-O Qc7 13. Nf3 Nxg4 14. Bxg5
Nge5 15. Nxe5 Rxg5 16. f4 Rxg2 17. Qxg2 dxe5 18. f5 exf5 19. Nd5 Qc6 20. Rh8 b5
21. Qg5 Qd6 22. Rxf8+ Kxf8 23. Qd8+ Kg7 24. Rg1+ 1-0

[Event "Warsaw Najdorf Memorial op-A 12th"]
[Site "Warsaw"]
[Date "2014.07.18"]
[Round "7"]
[White "Mista, Aleksander"]
[Black "Areshchenko, Alexander"]
[Result "1-0"]
[WhiteElo "2609"]
[BlackElo "2701"]
[PlyCount "55"]
[EventDate "2014.07.14"]
[EventType "swiss"]
[EventRounds "9"]
[EventCountry "POL"]
[SourceTitle "CBM 161 Extra"]
[Source "ChessBase"]
[SourceDate "2014.08.29"]
[SourceVersion "1"]
[SourceVersionDate "2014.08.29"]
[SourceQuality "1"]

1. e4 c5 2. Nf3 d6 3. d4 cxd4 4. Nxd4 Nf6 5. Nc3 a6 6. g3 g6 7. Bg2 Bg7 8. O-O
O-O 9. h3 Nc6 10. Be3 Nxd4 11. Bxd4 Be6 12. Re1 Rc8 13. Nd5 Bxd5 14. exd5 Re8
15. Re2 Nd7 16. Bxg7 Kxg7 17. Qd4+ Nf6 18. g4 Kg8 19. Rae1 Qa5 20. c3 Rc7 21.
a3 Qb5 22. Kh2 Kf8 23. f4 Qc4 24. Qd2 b5 25. f5 a5 26. Re4 Qxd5 27. Qh6+ Kg8
28. Re6 1-0

[Event "Bundesliga 1415"]
[Site "Germany"]
[Date "2015.02.22"]
[Round "11.4"]
[White "Mista, Aleksander"]
[Black "Erdos, Viktor"]
[Result "1-0"]
[WhiteElo "2616"]
[BlackElo "2621"]
[PlyCount "147"]
[EventDate "2014.10.18"]
[EventType "team-tourn"]
[EventRounds "15"]
[EventCountry "GER"]
[SourceTitle "CBM 165"]
[Source "ChessBase"]
[SourceDate "2015.03.11"]
[SourceVersion "1"]
[SourceVersionDate "2015.03.11"]
[SourceQuality "1"]
[WhiteTeam "Berlin SF"]
[BlackTeam "Trier"]
[WhiteTeamCountry "GER"]
[BlackTeamCountry "GER"]

1. e4 e5 2. Nf3 Nc6 3. Bb5 a6 4. Ba4 Nf6 5. d3 b5 6. Bb3 Bc5 7. O-O d6 8. Nc3
h6 9. Nd5 Rb8 10. c3 O-O 11. d4 Ba7 12. Be3 Nxd5 13. Bxd5 Ne7 14. dxe5 Bxe3 15.
fxe3 Nxd5 16. exd5 dxe5 17. Nxe5 Bb7 18. Qd4 Re8 19. Rad1 Qg5 20. Nc6 Bxc6 21.
dxc6 Rbd8 22. Qf4 Qxf4 23. exf4 Rxd1 24. Rxd1 Re6 25. Rd8+ Kh7 26. Rd7 Rxc6 27.
Rxf7 Rd6 28. Re7 Rd2 29. b4 Rxa2 30. Rxc7 Kg6 31. Rc5 Kf6 32. h3 g6 33. Kh2 h5
34. Kg3 Rc2 35. h4 Rd2 36. Rc6+ Kf5 37. Kf3 Rd3+ 38. Ke2 Rg3 39. Kf2 Rd3 40. g3
Rd2+ 41. Ke3 Rg2 42. Kf3 Rc2 43. Rc5+ Kf6 44. Ke3 Rc1 45. Kd2 Ra1 46. Rg5 Rg1
47. Ke3 Rd1 48. f5 gxf5 49. Rxh5 Rg1 50. Rg5 Re1+ 51. Kd2 Re8 52. g4 Rd8+ 53.
Kc2 fxg4 54. Rxg4 Rh8 55. Kb3 Kf5 56. Rd4 Ke5 57. Kc2 Rh6 58. Kd3 Kf5 59. h5
Kg5 60. Rd5+ Kf4 61. c4 bxc4+ 62. Kxc4 Rc6+ 63. Kb3 Ke4 64. Rc5 Rh6 65. Ka4 Kd4
66. Rg5 Kc4 67. Rg6 Rxh5 68. Rxa6 Rh8 69. Rc6+ Kd5 70. b5 Ra8+ 71. Kb4 Ra1 72.
Rc2 Kd6 73. b6 Kd7 74. Kb5 1-0

[Event "Hastings Masters op 90th"]
[Site "Hastings"]
[Date "2015.01.06"]
[Round "9"]
[White "Mista, Aleksander"]
[Black "Edouard, Romain"]
[Result "1-0"]
[WhiteElo "2614"]
[BlackElo "2659"]
[Annotator "Edouard,Romain"]
[PlyCount "69"]
[EventDate "2014.12.29"]
[EventType "swiss"]
[EventRounds "9"]
[EventCountry "ENG"]
[SourceTitle "CBM 164"]
[Source "ChessBase"]
[SourceDate "2015.01.15"]
[SourceVersion "1"]
[SourceVersionDate "2015.01.15"]
[SourceQuality "1"]
[WhiteClock "0:02:25"]
[BlackClock "0:02:14"]

1. e4 e6 2. d4 d5 3. Nd2 Be7 4. e5 c5 5. Qg4 Kf8 6. dxc5 Nc6 7. Qe2 {A rare
move.} (7. Ngf3 {is the main line.}) 7... Bxc5 8. Ngf3 $146 (8. Nb3 Bb6 9. Be3
{is usually played, and the critical line could be something like} Nge7 10. f4
Nf5 11. Bf2 g5 12. g3 gxf4 13. gxf4 Rg8 $5 $146 (13... Bxf2+ 14. Qxf2 Qb6 15.
Bd3 Qxf2+ 16. Kxf2 $14 {1-0 (58) Delchev,A (2637)-Cruz,C (2529) Linares ESP
2013}) 14. O-O-O Bxf2 15. Qxf2 Qb6 $13) 8... Nge7 9. g3 {An interesting idea,
but just too slow.} Ng6 $5 {Keeping the option to retreat the c5-bishop to e7
instead of b6.} (9... Qc7 $5) 10. Bg2 (10. Nb3 Be7 11. Bd2 {was what I
expected, though after} Qc7 12. Bc3 Bb4 $5 13. Bxb4+ Nxb4 14. Nbd4 Nc6 15. Nxc6
bxc6 $13 {I liked Black's position.}) 10... Qc7 11. Nb3 $6 (11. c4 {seemed
necessary to me, and after} Ncxe5 12. O-O Nxc4 13. Nxc4 dxc4 14. Be3 Bxe3 15.
Qxe3 Bd7 16. Rac1 {White should have enough compensation for equality.}) 11...
Bb6 12. Bf4 f6 $5 (12... a5 $5 13. a4 Nxf4 14. gxf4 g6 $15) 13. exf6 $2 {
After that move Black is already just winning.} (13. O-O {was necessary, and
after} fxe5 14. Be3 {White would have some sort of compensation, though
Black's position is excellent for example after} h6 $5) 13... Nxf4 14. gxf4
gxf6 (14... Qxf4 $5 15. fxg7+ Kxg7 16. Rg1 Rf8 {is also much better for Black.}
) 15. Qd2 Rg8 $1 16. Bh3 Qf7 $1 {The ...Qh5 idea is terrible for White.} 17.
Qc3 e5 $1 18. Bxc8 Rxc8 19. O-O-O Rg4 $2 {I considered this move even more
winning than the logiccal 19...d4, but had missed the very simple 21.Ne1.} (
19... d4 20. Qd3 $8 (20. Qe1 $2 Qd5 $19) 20... Nb4 21. Qf5 $8 Rxc2+ 22. Kb1
Rxf2 (22... Qg6 $5) 23. Rhg1 $8 {and White keeps a few drawing chances, but of
course the position is lost.}) 20. fxe5 fxe5 21. Ne1 $8 {All of a sudden the
position becomes very unclear practically speaking. Angry that I did not go 19.
..d4 I lost my objectivity and went for too aggressive a plan.} (21. Nxe5 $2
Qf4+ $19) (21. Nbd2 Qf5 $19) (21. Kb1 $2 d4 22. Qd3 e4 $19) 21... Rc4 $6 {
It was time to play safe moves in order to keep a small advantage.} (21... Qf5
$5) (21... Rg6 $5) 22. Qh3 Nb4 $2 {Committing suicide over the board.} (22...
Ne7 $5 23. Kb1 Qf6 $5 {remains good (maybe even better) for Black, but of
course White's play is already easier.}) 23. Kb1 Nxc2 24. Nd3 Qf6 25. Rhg1 $1 {
All of a sudden White's attack is devastating.} R8c7 (25... R4c7 26. Rg3 $5 $18
) 26. Qg2 $1 {The simple move I had missed.} Qe6 27. Nxe5 Rf4 (27... Qxe5 28.
Qg8+ Ke7 29. Qxh7+ $18) 28. Qg5 Rf6 29. Rc1 $6 (29. Rxd5 Nb4 30. Rd8+ Ke7 31.
Rh8 $1 $18) 29... h6 30. Qh5 $4 $138 {Giving me a chance to make a draw.} (30.
Qg3 $18) 30... Bxf2 $4 $138 (30... Rf5 $8 31. Ng6+ Kf7 32. Nh8+ (32. Qxh6 Na3+
33. bxa3 Qe4+ 34. Ka1 Bd4+ $11) 32... Kf8 33. Qg4 $5 h5 $1 (33... Bxf2 $6 34.
Rg2 Ne3 $2 35. Qb4+ $18) 34. Qg3 Na3+ 35. bxa3 Qe4+ 36. Ka1 Bd4+ 37. Nxd4 Qxd4+
38. Kb1 Rxc1+ 39. Rxc1 Qb6+ 40. Ka1 (40. Qb3 Kg7 $11) 40... Qf6+ 41. Rc3 Rg5
42. Qf3 (42. Qe3 Rg1+ 43. Kb2 d4 $11) 42... Rf5 $11) 31. Ng6+ Ke8 32. Nf4+ Qf7
33. Rg8+ Kd7 34. Qxd5+ Qxd5 35. Nxd5 1-0

[Event "FRA-chT Top 12"]
[Site "Montpellier"]
[Date "2015.06.04"]
[Round "5.2"]
[White "Mista, Aleksander"]
[Black "Gajewski, Grzegorz"]
[Result "1-0"]
[WhiteElo "2556"]
[BlackElo "2648"]
[Annotator "ChessBase II"]
[PlyCount "69"]
[EventDate "2015.05.30"]
[EventType "team-tourn"]
[EventRounds "11"]
[EventCountry "FRA"]
[SourceTitle "CBM 166 Extra"]
[Source "ChessBase"]
[SourceDate "2015.06.18"]
[SourceVersion "1"]
[SourceVersionDate "2015.06.18"]
[SourceQuality "1"]
[WhiteTeam "Montpellier"]
[BlackTeam "Mulhouse Philidor"]
[WhiteTeamCountry "FRA"]
[BlackTeamCountry "FRA"]

1. e4 c5 2. Nf3 e6 3. d4 cxd4 4. Nxd4 Nc6 5. Nc3 a6 6. g3 d6 7. Bg2 Bd7 8. O-O
Nf6 9. Nce2 Be7 (9... Rc8 10. b3 b5 11. Nxc6 Bxc6 12. Qd3 Be7 13. Nd4 Bd7 14.
a4 Qa5 15. Bd2 b4 16. Rfc1 e5 17. Nf5 Bxf5 18. exf5 d5 19. c3 O-O 20. cxb4 Bxb4
21. Rxc8 Rxc8 22. Bxb4 Qxb4 23. Qxa6 Qc3 24. Qf1 e4 25. a5 e3 26. fxe3 Qxe3+
27. Kh1 Ng4 28. Re1 Nf2+ 29. Kg1 Nh3+ 30. Kh1 Nf2+ 31. Kg1 {1/2-1/2 (31)
Efimenko,Z (2706)-Polgar,J (2699) Ningbo 2011}) 10. c3 $146 (10. c4 O-O 11. a4
Qa5 12. b3 Rfd8 13. Bd2 Qc5 14. Be3 Qa5 15. h3 Rac8 16. Qe1 Qxe1 17. Rfxe1 Nb4
18. Red1 g6 19. Bd2 Nc6 20. a5 Be8 21. Rac1 Nxd4 22. Nxd4 Nd7 23. Be3 Rc7 24.
Ne2 Nc5 25. Rb1 Rb8 26. Bf4 Rd8 27. b4 g5 28. bxc5 gxf4 29. Nxf4 Rxc5 30. Rxb7
Kf8 31. Ra1 Bf6 32. Ra3 Bd4 33. Bf1 Bc6 34. Rb6 Bxe4 35. Rxa6 Rc7 36. Bg2 Bxg2
37. Kxg2 Rxc4 38. Ra2 Ke7 39. Ne2 Bc5 {Svidler,P (2732)-Rublevsky,S (2676)
Khanty-Mansiysk 2007 1/2-1/2 (65)}) 10... O-O 11. h3 Qc7 12. g4 d5 $5 13. exd5
Nxd4 14. Nxd4 Nxd5 15. Bxd5 exd5 16. Qf3 {[%cal Gc1f4]} Bd6 17. Bg5 Rae8 18.
Rfe1 f6 19. Bh4 Re4 $132 {[%cal Gf8e8]} 20. Qg2 Rfe8 21. f3 R4e5 (21... Rxe1+
$143 22. Rxe1 Rxe1+ 23. Bxe1 {[%csl Rd5]}) 22. Qd2 h5 $1 23. Kg2 hxg4 24. hxg4
Qc8 25. Bg3 Bxg4 (25... Rxe1 26. Rxe1 Bxg3 27. Kxg3 Qc7+ 28. Kg2 Rxe1 29. Qxe1
Qe5 $11) 26. fxg4 Qxg4 {[%cal Ge5e1,Gd6g3]} 27. Qf2 Kf7 $6 (27... Re4 $44 {
[%cal Gd6g3]}) 28. Rxe5 Rxe5 29. Qf3 Qg5 30. Kf2 Ke8 31. Bxe5 fxe5 32. Nf5 Bc5+
33. Ke2 e4 34. Qh3 g6 35. Ng7+ 1-0

[Event "POL-ch"]
[Site "Warsaw"]
[Date "2017.03.23"]
[Round "3"]
[White "Mista, Aleksander"]
[Black "Bartel, Mateusz"]
[Result "1-0"]
[WhiteElo "2617"]
[BlackElo "2638"]
[PlyCount "97"]
[EventDate "2017.03.21"]
[EventType "tourn"]
[EventRounds "9"]
[EventCountry "POL"]
[EventCategory "14"]
[SourceTitle "CBM 178"]
[Source "ChessBase"]
[SourceDate "2017.05.14"]
[SourceVersion "1"]
[SourceVersionDate "2017.05.14"]
[SourceQuality "1"]

1. e4 e5 2. Nf3 Nc6 3. Bb5 a6 4. Ba4 Nf6 5. O-O Be7 6. Re1 b5 7. Bb3 d6 8. c3
O-O 9. h3 Bb7 10. d4 Re8 11. Nbd2 Nd7 12. Nf1 exd4 13. cxd4 Na5 14. Bc2 Bf6 15.
Ng3 g6 16. b3 c5 17. Be3 Nc6 18. Rc1 cxd4 19. Nxd4 Nxd4 20. Bxd4 Be5 21. Bxe5
dxe5 22. b4 Nf8 23. Bb3 Qxd1 24. Rexd1 Rac8 25. f3 Rxc1 26. Rxc1 Rc8 27. Ne2
Rxc1+ 28. Nxc1 Nd7 29. Nd3 Kf8 30. Kf2 Ke7 31. Ke3 f6 32. g3 Bc8 33. h4 Nb8 34.
f4 Kd6 35. Bg8 h6 36. Bh7 exf4+ 37. gxf4 Be6 38. e5+ Ke7 39. Bxg6 Bxa2 40. Be4
Nd7 41. Kd4 fxe5+ 42. fxe5 Bb1 43. Bc6 Nb8 44. Bb7 Bxd3 45. Kxd3 Kd7 46. Ke4
Kc7 47. e6 Kd6 48. Kf5 Ke7 49. Ke5 1-0

[Event "POL-ch"]
[Site "Warsaw"]
[Date "2017.03.24"]
[Round "4"]
[White "Krasenkow, Michal"]
[Black "Mista, Aleksander"]
[Result "0-1"]
[WhiteElo "2620"]
[BlackElo "2617"]
[PlyCount "68"]
[EventDate "2017.03.21"]
[EventType "tourn"]
[EventRounds "9"]
[EventCountry "POL"]
[EventCategory "14"]
[SourceTitle "CBM 178"]
[Source "ChessBase"]
[SourceDate "2017.05.14"]
[SourceVersion "1"]
[SourceVersionDate "2017.05.14"]
[SourceQuality "1"]

1. d4 Nf6 2. c4 e6 3. Nf3 d5 4. g3 Bb4+ 5. Bd2 Bd6 6. Bg2 O-O 7. O-O Nbd7 8. c5
Be7 9. Bf4 c6 10. Nc3 b6 11. b4 a5 12. a3 Ba6 13. Re1 Nh5 14. Ne5 Nxe5 15. Bxe5
f6 16. Bd6 Bxd6 17. cxd6 axb4 18. axb4 Qxd6 19. e4 Qxb4 20. Re3 c5 21. Rb1 Qc4
22. Bh3 f5 23. exf5 cxd4 24. Rxe6 dxc3 25. Qxh5 c2 26. Rc1 Qd4 27. f6 Qd2 28.
Ree1 Rxf6 29. Bg2 Bc4 30. f4 Rff8 31. Bh3 Rae8 32. Qxe8 Rxe8 33. Rxe8+ Kf7 34.
Ree1 d4 0-1

[Event "POL-ch"]
[Site "Warsaw"]
[Date "2017.03.27"]
[Round "7"]
[White "Mista, Aleksander"]
[Black "Piorun, Kacper"]
[Result "1-0"]
[WhiteElo "2617"]
[BlackElo "2648"]
[PlyCount "75"]
[EventDate "2017.03.21"]
[EventType "tourn"]
[EventRounds "9"]
[EventCountry "POL"]
[EventCategory "14"]
[SourceTitle "CBM 178"]
[Source "ChessBase"]
[SourceDate "2017.05.14"]
[SourceVersion "1"]
[SourceVersionDate "2017.05.14"]
[SourceQuality "1"]

1. e4 e5 2. Nf3 Nc6 3. Bb5 Nf6 4. d3 Bc5 5. c3 O-O 6. O-O d6 7. h3 Ne7 8. d4
Bb6 9. Bd3 Nc6 10. Be3 Re8 11. Nbd2 h6 12. Re1 a6 13. Qb3 Nh5 14. Rad1 Qf6 15.
d5 Ne7 16. Bxb6 cxb6 17. Qxb6 Nf4 18. Bf1 g5 19. Nh2 Neg6 20. Ng4 Bxg4 21. hxg4
h5 22. Nc4 hxg4 23. Qxd6 Qh8 24. Qd7 f5 25. d6 Rad8 26. Qxf5 Rf8 27. Qxg4 Rf7
28. Ne3 b5 29. Qxg5 Rdd7 30. Ng4 Rg7 31. Nf6+ Kf7 32. Nxd7 Nh3+ 33. gxh3 Nh4
34. Nxe5+ Ke6 35. Qxg7 Qxg7+ 36. Ng4 Nf3+ 37. Kh1 Nxe1 38. d7 1-0

[Event "Warsaw Najdorf Memorial op-A 15th"]
[Site "Warsaw"]
[Date "2017.07.17"]
[Round "9"]
[White "Edouard, Romain"]
[Black "Mista, Aleksander"]
[Result "0-1"]
[WhiteElo "2622"]
[BlackElo "2599"]
[PlyCount "148"]
[EventDate "2017.07.09"]
[EventType "swiss"]
[EventRounds "9"]
[EventCountry "POL"]
[SourceTitle "CBM 179 Extra"]
[Source "ChessBase"]
[SourceDate "2017.08.23"]
[SourceVersion "1"]
[SourceVersionDate "2017.08.23"]
[SourceQuality "1"]

1. c4 c5 2. Nf3 Nc6 3. d4 cxd4 4. Nxd4 Nf6 5. Nc3 e6 6. a3 Bc5 7. Nb3 Bb6 8. e4
O-O 9. Be2 d6 10. O-O h6 11. Qd3 e5 12. Be3 Be6 13. Rfd1 Rc8 14. Nd5 Bxe3 15.
Qxe3 Nd7 16. Nc3 Qb6 17. Nd5 Bxd5 18. cxd5 Nd4 19. Nxd4 exd4 20. Qxd4 Qxd4 21.
Rxd4 Rc2 22. Bg4 Ne5 23. h3 g5 24. Rb1 Re8 25. Bd1 Rc5 26. f3 Rec8 27. Kf2 Kg7
28. g3 Ng6 29. Ke3 Re8 30. f4 Ne7 31. Kd2 Ng6 32. Ke3 Ne7 33. Kd3 f5 34. Bb3
gxf4 35. gxf4 Ng6 36. exf5 Nh4 37. Re4 Rxe4 38. Kxe4 Kf6 39. Rg1 Rb5 40. Rg3
Nxf5 41. Rc3 a5 42. Kd3 Ne7 43. Ke4 h5 44. f5 h4 45. Rf3 b6 46. Kf4 a4 47. Bxa4
Rxb2 48. Bd7 Nxd5+ 49. Kg4 Ke5 50. Kxh4 Nf6 51. Bc8 Rc2 52. Be6 d5 53. Rb3 d4
54. Rb5+ Kf4 55. Rb4 Ke5 56. Rb5+ Rc5 57. Rxb6 d3 58. Bb3 d2 59. Kg5 Ne4+ 60.
Kg6 Rc3 61. Bd1 Rg3+ 62. Kf7 Nd6+ 63. Kf8 Rg1 64. Ba4 Rf1 65. Rb2 Rxf5+ 66. Ke7
Rf7+ 67. Kd8 Rf2 68. Bd1 Nc4 69. Rb4 Ne3 70. Ba4 Rf8+ 71. Ke7 Ra8 72. Rb2 Ra7+
73. Kd8 Nc4 74. Rb5+ Kd6 0-1

[Event "CZE-chT 1718"]
[Site "Czech Republic"]
[Date "2018.04.08"]
[Round "11.2"]
[White "Mista, Aleksander"]
[Black "Korobov, Anton"]
[Result "1-0"]
[WhiteElo "2597"]
[BlackElo "2652"]
[PlyCount "121"]
[EventDate "2017.11.18"]
[EventType "team-tourn"]
[EventRounds "11"]
[EventCountry "CZE"]
[SourceTitle "EXT 2019"]
[Source "ChessBase"]
[SourceDate "2018.10.10"]
[SourceVersion "1"]
[SourceVersionDate "2018.10.10"]
[SourceQuality "1"]
[WhiteTeam "Poruba Slavoj"]
[BlackTeam "Frydek Mistek"]
[WhiteTeamCountry "CZE"]
[BlackTeamCountry "CZE"]

1. e4 c5 2. Nf3 d6 3. d4 cxd4 4. Nxd4 Nf6 5. Nc3 a6 6. Be3 e5 7. Nb3 Be6 8. f3
h5 9. Nd5 Bxd5 10. exd5 Nbd7 11. Qd2 g6 12. O-O-O Bg7 13. Kb1 O-O 14. h3 a5 15.
a3 Nb6 16. Bg5 a4 17. Nc1 Qc7 18. g4 h4 19. Bxh4 Nfxd5 20. c4 Nf4 21. Qxd6 Rfc8
22. Qxc7 Rxc7 23. Rd8+ Rxd8 24. Bxd8 Rc6 25. c5 Nbd5 26. Bb5 Rxc5 27. Bxa4 Ne6
28. Bh4 Nd4 29. Nb3 Rc4 30. Nxd4 Rxa4 31. Nc2 Nf4 32. Rd1 Nxh3 33. Rd8+ Kh7 34.
Rd7 g5 35. Bg3 e4 36. b3 Ra6 37. fxe4 Rb6 38. b4 Kg6 39. a4 Nf4 40. a5 Rb5 41.
Be1 Ne6 42. Ka2 Nf8 43. Rc7 Ne6 44. Rc4 Nd8 45. Na3 Re5 46. b5 Bf8 47. Bg3 Rc5
48. Rxc5 Bxc5 49. Nc4 Kf6 50. Bc7 Ke7 51. Bxd8+ Kxd8 52. Kb3 f6 53. Nb2 Kd7 54.
Kc4 Kd6 55. Nd3 Bg1 56. b6 Be3 57. Kb5 Bg1 58. a6 bxa6+ 59. Kxa6 Bd4 60. b7 Kc7
61. Nb4 1-0